00391 a2200145 4500010001400000020002200014035001300036037001500049082001000064100001700074245004300091260003300134270005500167300002300222 aENG-86789 c85.00a8183821227 aEN-70322 bDBAD / PUB00a929.41 aVijaya Kumar10aBaby names for boys /cby Vijaya Kumar aNew DelhibLotus Pressc2007 a4263/3, Ansari Road, DaryaganjbNew Delhie110 002 a208pc21 cm. (Pbk)